Los nuevos movimientos sociales /2; derechos humanos. obreros. barrios /
Guardado en:
| Autor Principal: | |
|---|---|
| Formato: | Libro |
| Publicado: |
Argentina :
Centro Editor,
1985
|
| Materias: | |
| Etiquetas: |
Agregar Etiqueta
Sin Etiquetas, Sea el primero en etiquetar este registro!
|
| LEADER | 00636nam a22002055a 4500 | ||
|---|---|---|---|
| 001 | CEM.cems003463 | ||
| 005 | 19000101000000.0 | ||
| 008 | 130507s1985##################000#0#####d | ||
| 003 | CEMS | ||
| 082 | 0 | 4 | |a 301.153 |
| 100 | 1 | |a Jelin, Elizabeth | |
| 245 | 1 | 0 | |a Los nuevos movimientos sociales /2; derechos humanos. obreros. barrios / |c Elizabeth Jelin |
| 260 | |a Argentina : |b Centro Editor, |c 1985 | ||
| 300 | |a 144 p. | ||
| 653 | |a Democracia | ||
| 653 | |a Derechos humanos | ||
| 653 | |a Fomentismo | ||
| 653 | |a Historia argentina | ||
| 653 | |a Movimientos sociales-argentina | ||
| 859 | |a CEMS |b BIB. CEMS - 11 de abril |h 301.153 |i J392/2 |p 14267.86 |t Ej.1 | ||
